Poemas Clave. Antología bilingüe.
Sparad:
| Huvudupphovsman: | |
|---|---|
| Övriga upphovsmän: | |
| Materialtyp: | Okänd |
| Språk: | engelska |
| Publicerad: |
Santiago, Chile.
Ediciones Universidad Diego Portales,
2021
|
| Upplaga: | 1a.edición. |
| Ämnen: | |
| Taggar: |
Lägg till en tagg
Inga taggar, Lägg till första taggen!
|
MARC
| LEADER | 00000 a2200000 4500 | ||
|---|---|---|---|
| 003 | CL-VaPUC | ||
| 005 | 20210825125312.0 | ||
| 008 | 210809b2021 ||||| |||| 00| 0 eng d | ||
| 999 | |c 433366 |d 433364 | ||
| 020 | |a 978956314490 | ||
| 040 | |c Pontificia Universidad Católica de Valparaíso | ||
| 082 | |a 869.1 PES 2021 | ||
| 100 | 1 | |a Pessoa, Fernando |9 318725 |e author | |
| 245 | 1 | |a Poemas Clave. |b Antología bilingüe. | |
| 250 | |a 1a.edición. | ||
| 260 | |a Santiago, Chile. |b Ediciones Universidad Diego Portales, |c 2021 | ||
| 300 | |a 137 páginas | ||
| 583 | |k Cristina Rojas |c 20210809 | ||
| 600 | |a Pessoa, Fernando |d 1888-1935 |x Crítica e interpretación |9 862475 | ||
| 650 | |a Poemas portugueses |9 862476 | ||
| 650 | 0 | |a Antologías |9 309836 | |
| 700 | |a Méndez, Adán |e traducción y prólogo |9 862452 | ||
| 942 | |2 ddc |c BK | ||
| 952 | |0 0 |1 0 |2 ddc |4 0 |6 869_100000000000000_PES_2021 |7 0 |8 A |9 578587 |a BIBART |b BIBART |d 2021-08-11 |e 140 |g 15000.00 |i 5587247 |l 1 |m 1 |o 869.1 PES 2021 |p 5587247 |r 2025-03-13 |s 2023-05-17 |t 1 |v 15000.00 |w 2021-08-11 |y BK |k ART | ||